Alwaleed : businessman, billionaire, prince (Record no. 366670)

MARC details
000 -LEADER
fixed length control field 00757nam a2200217Ia 4500
008 - FIXED-LENGTH DATA ELEMENTS--GENERAL INFORMATION
fixed length control field 191130s2005##################000#0#eng##
020 ## - INTERNATIONAL STANDARD BOOK NUMBER
ISBN 9780060850302 (alk. paper)
082 ## - DEWEY DECIMAL CLASSIFICATION NUMBER
Classification number 338.092 KHA
100 ## - MAIN ENTRY--AUTHOR NAME
Personal name Khan, Riz
245 ## - TITLE STATEMENT
Title Alwaleed : businessman, billionaire, prince
Statement of responsibility, etc Riz Khan
260 ## - PUBLICATION, DISTRIBUTION, ETC. (IMPRINT)
Place of publication New York
Name of publisher William Morrow
Year of publication 2005
300 ## - PHYSICAL DESCRIPTION
Number of Pages xvi, 416 p. : ill. (some col.) ; 24 cm. + 1 DVD ROM (4 3/4 in.)
500 ## - GENERAL NOTE
General note Includes index
650 ## - SUBJECT ADDED ENTRY--TOPICAL TERM
Topical Term Billionaires - Saudi Arabia - Biography
Topical Term Businessmen - Saudi Arabia - Biography
Topical Term Walīd ibn Ṭalāl, Prince, grandson of Ibn Saʻūd, King of Saudi Arabia
991 ## -
-- 187528
Holdings
Withdrawn status Lost status Damaged status Not for loan Home library Current library Shelving location Date acquired Full call number Accession Number Price effective from Koha item type
        Anna Centenary Library Anna Centenary Library 4TH FLOOR, A WING 17.10.2020 338.092 KHA 468092 17.10.2020 English Books

Find us on the map